Přehled elementární fyziky /
Gespeichert in:
| Hauptverfasser: | , |
|---|---|
| Format: | Buch |
| Sprache: | Tschechisch |
| Veröffentlicht: |
Praha :
SNTL,
1989
|
| Tags: |
Keine Tags, Fügen Sie das erste Tag hinzu!
|
MARC
| LEADER | 00000nam a22000003a 4500 | ||
|---|---|---|---|
| 001 | stu451 | ||
| 005 | 20150617225618.9 | ||
| 008 | 910529s1989----cs------------------cze-d | ||
| 040 | |a STU |b slo | ||
| 041 | 0 | |a cze | |
| 044 | |a cs | ||
| 080 | |a 53 |7 stu_us_auth*stu7966 | ||
| 100 | 1 | |a Javorskij, Boris Michajlovič |4 aut | |
| 245 | 1 | |a Přehled elementární fyziky / |c [aut.] Javorskij,B.M.; Selezňev,Ju.A | |
| 260 | |a Praha : |b SNTL, |c 1989 | ||
| 300 | |a 482 s | ||
| 700 | 1 | |a Selezňev, Ju.A |4 aut | |
| 996 | |b E70075 |c E*70075 |l EE05 |s P |a 0 |w stu451_0001 | ||
| 996 | |b E70076 |c E*70076 |l EE05 |s P |a 0 |w stu451_0002 | ||